Loading...

Small animal critical care medicine

Bibliographic Details
Main Author: Deborah C.Silverstein
Other Authors: Kate hopper
Language:English
Published: Missouri Elsevier 2015
LEADER 00974nam a22001937a 4500
008 150422b xxu||||| |||| 00| 0 eng d
020 |a 9781455703067 
082 |2 second  |a 636.0896025  |b SIL/SM 
100 |a Deborah C.Silverstein 
245 |a Small animal critical care medicine 
260 |a Missouri  |b Elsevier  |c 2015 
300 |a 1130 
700 |a Kate hopper 
942 |2 ddc  |c LS 
999 |c 21298  |d 21298 
952 |0 0  |1 0  |2 ddc  |4 0  |6 636_089602500000000_SILSM  |7 0  |9 21028  |a COVAS  |b COVAS  |d 2015-04-22  |o 636.0896025 SIL/SM  |p LS691  |r 2015-04-22  |w 2015-04-22  |y LS 
952 |0 0  |1 0  |2 ddc  |4 0  |6 636_089602500000000_SILSM  |7 0  |9 21029  |a COVAS  |b COVAS  |d 2015-04-22  |o 636.0896025 SIL/SM  |p LS688  |r 2015-04-22  |w 2015-04-22  |y LS 
952 |0 0  |1 0  |2 ddc  |4 0  |6 636_089602500000000_SILSM  |7 0  |9 21030  |a COVAS  |b COVAS  |d 2015-04-22  |o 636.0896025 SIL/SM  |p LS689  |r 2015-04-22  |w 2015-04-22  |y LS 
952 |0 0  |1 0  |2 ddc  |4 0  |6 636_089602500000000_SILSM  |7 0  |9 21031  |a COVAS  |b COVAS  |d 2015-04-22  |o 636.0896025 SIL/SM  |p LS690  |r 2015-04-22  |w 2015-04-22  |y LS